| 000 | 01136nam a2200337Ia 4500 | ||
|---|---|---|---|
| 001 | Para_7100 | ||
| 003 | CHAP | ||
| 008 | 220125s1982 xx 000 0 und d | ||
| 010 | _a205986 | ||
| 040 | _cCHAP | ||
| 090 | _aPA FOLLETO 3020 | ||
| 100 |
_aByerlee, Derek _916489 |
||
| 245 |
_aLa tasa y la secuenica de adopción de tecnologías cerealeras mejoradas; el caso de la cebada de secano en el altiplano mexicano / _c por Derek Byerlee |
||
| 260 |
_aEl Batán, Méx. : _b CIMMYT |
||
| 300 | _a45 p. | ||
| 440 |
_aEconomics. Documento de trabajo; 82/6 _9172136 |
||
| 650 |
_aAgricultura _x innovaciones tecnológicas _91565 |
||
| 650 |
_aCebada _x mejoramiento _920695 |
||
| 650 |
_aCebada _x México _920699 |
||
| 650 |
_aCereales _x mejoramiento _921433 |
||
| 650 |
_aCultivo de secano _9172137 |
||
| 700 |
_aHesse de Polanco, Edith _955052 |
||
| 710 |
_aCentro Internacional de Mejoramiento de Maíz y Trigo _921207 |
||
| 901 | _aPA FOLLETO 3020 | ||
| 902 | _aA | ||
| 905 | _a0000001982 0000000000 00 | ||
| 910 | _a1982 | ||
| 942 | _cPARA | ||
| 942 |
_cPARA _d1 |
||
| 999 |
_c205986 _d205986 |
||